000 nam a22 a 4500
999 _c618
_d618
003 AKMAL
005 20170504123716.0
008 17504 s1987 xxk 00 eng d
020 _a0718128427:
_cfree
040 _aAKMAL
082 0 4 _a158.1 ELA
090 _a158.1
_bELA
100 1 _aBlack, Roger
_91350
245 1 0 _aGetting things done :
_ba radical new approach to managing time and achieving more at work /
_cRoger Black
260 _aLondon :
_bMichael Joseph,
_cc1987
300 _a100p. :
_bill. ;
_c24cm
650 _aOrganizational effectiveness
_9566
942 _2ddc
_cBOOK